00640cam a22002171 4500001001300000003000400013005001700017008004100034010001700075025001900092035002000111040001700131042001200148050001700160100003400177245008800211260004800299300003900347500001400386651002200400sa 66006196 DLC20260227112254.0840628s1965 ii ac 000 0 hino  asa 66006196  aPL480:I-H-2770 a(OCoLC)21640141 aDLCcCUdDLC apremarc00aDS485.R2bP31 aPāṇḍeya, Phūlacandra.10aRAjasthana : eka sarvekshana, b smarika. c Sampadaka Phūlacandra Pāṇḍeya. a[Jayapura, b Ānanda Prakāśana, 1965] a177 p. b illus., ports. c 25 cm. aIn Hindi. 0aRajasthan (India)